Biện pháp quản lý hoạt động bồi dưỡng nghiệp vụ sư phạm cho đội ngũ giáo viên trường kỹ thuật - kinh tế Đà Nẵng

Cơ sở lý luận về quản lý hoạt động bồi dưỡng nghiệp vụ sư phạm cho đội ngũ giáo viên các trường dạy nghề. Thực trạng quản lý hoạt động bồi dưỡng nghiệp nụ sư phạm cho đội ngũ giáo viên tại trường Kỹ thuật - Kinh tế Đà Nẵng. Biện pháp quản lý hoạt động bồi dưỡng nghiệp vụ sư phạm cho đội ngũ giáo viê...

Volledige beschrijving

Bewaard in:
Bibliografische gegevens
Hoofdauteur: Nguyễn Hữu Xuân
Andere auteurs: Nguyễn Phúc Châu TS (Hướng dẫn)
Formaat: Boek
Taal:Vietnamese
Gepubliceerd in: Đà Nẵng Đại học Đà Nẵng 2007
Onderwerpen:
Tags: Voeg label toe
Geen labels, Wees de eerste die dit record labelt!
Thư viện lưu trữ: Mạng thư viện Đại học Đà Nẵng
LEADER 01917nam a2200349 4500
001 000010716
003 6929
005 20111219161211.0
008 111219s2007 viesd
041 |a vie 
072 |a Luận văn Thạc sĩ Khoa học Giáo dục 
082 |a 378.111  |b NG-X 
100 |a Nguyễn Hữu Xuân 
245 |a Biện pháp quản lý hoạt động bồi dưỡng nghiệp vụ sư phạm cho đội ngũ giáo viên trường kỹ thuật - kinh tế Đà Nẵng  |c Nguyễn Hữu Xuân; Nguyễn Phúc Châu hướng dẫn 
260 |a Đà Nẵng  |b Đại học Đà Nẵng  |c 2007 
300 |a 124tr.  |c 29 cm 
500 |a Luận văn Thạc sĩ Khoa học Giáo dục. Chuyên ngành: Quản lý Giáo dục. Mã số: 60.14.05 
520 |a Cơ sở lý luận về quản lý hoạt động bồi dưỡng nghiệp vụ sư phạm cho đội ngũ giáo viên các trường dạy nghề. Thực trạng quản lý hoạt động bồi dưỡng nghiệp nụ sư phạm cho đội ngũ giáo viên tại trường Kỹ thuật - Kinh tế Đà Nẵng. Biện pháp quản lý hoạt động bồi dưỡng nghiệp vụ sư phạm cho đội ngũ giáo viên trường Kỹ thuật - Kinh tế Đà Nẵng 
653 |a Quản lý Giáo dục 
653 |a Luận văn Thạc sĩ Khoa học Giáo dục 
653 |a Nghiệp vụ sư phạm 
700 |a Nguyễn Phúc Châu  |c TS  |e Hướng dẫn 
OWN |a LSP 
AVA |a UDN50  |b LSP  |d 378.111 NG-X  |e available  |t Error 5001 Not defined in file expand_doc_bib_avail.  |f 1  |g 0  |h N  |i 0  |k 1 
999 |a From the UDN01 
AVA |a UDN50  |b LSP  |d 378.111 NG-X  |e available  |t Error 5001 Not defined in file expand_doc_bib_avail.  |f 1  |g 0  |h N  |i 0  |k 1 
TYP |a Monograph 
TYP |a Printed language 
980 |a Mạng thư viện Đại học Đà Nẵng